000 00414nam a2200181Ia 4500
005 20250423100535.0
008 250422s9999 xx 000 0 und d
020 _a978-1-4165-22-33-8
050 _aPS 3552 .R718 P55/
100 _aBrown, Sandra, 1948-
245 0 _aPlay dirty
260 _aNew York
260 _bPocket Books
260 _c2007
300 _a535 p
650 _aLiterature
942 _cBK
999 _c33620
_d33620